000
00319cam a2200133ua 4500
041
_a
eng
_h
082
_a
891.54
_b
FRA/AH
100
_a
France, anathol .
245
_a
Ahankar /
_c
France.
_h
Textual Documents
260
_a
Ilhabad :
_b
Hams Prakashan ,
_c
1961.
300
_a
154 ; .
504
_a
999
_c
11489
_d
11489